00829nam a2200277 a 450000100060000000300090000600500170001500800410003202000150007303500180008803500200010603500170012604000230014304100080016608200300017410000220020424501090022625000110033526000410034630000350038749000230042250000200044565000420046570000200050783000240052759461BD-RJUL 20211209080732.0161226s1980 ohua 001 0 eng  a0882441957 aBD-RJUL 59585 a(OCoLC)05171639 aGLIS00090951 aDLCcDLCdMYGbeng aeng 223 a346.7307 bLIL 1980 1 aLitka, Michael P.14aThe legal environment of business - text, cases, and readings /cby Michael P. Litka and James E. Inman. a2d ed. aColumbus, Ohio :bGrid Pub.,cc1980. axvii, 525 p. :bill. ;c26 cm.1 aGrid series in law aIncludes index. 0aCommercial lawzUnited StatesvCases.1 aInman, James E. 0aGrid series in law.